[Event "CAN-op"]
[Site "Edmonton CAN"]
[Date "2005.07.15"]
[Round "8"]
[White "Mulyar, Michael"]
[Black "Haessel, Dale"]
[Result "1/2-1/2"]
[WhiteElo "2422"]
[BlackElo "2230"]
[PlyCount "170"]
[GameId "2160767910901993"]
[EventDate "2005.07.09"]
[EventType "swiss"]
[EventRounds "10"]
[EventCountry "CAN"]
[SourceTitle "CBM 107 Extra"]
[Source "ChessBase"]
[SourceDate "2005.09.01"]
[SourceVersion "1"]
[SourceVersionDate "2005.09.01"]
[SourceQuality "1"]

1. e4 c5 2. Nf3 d6 3. d4 cxd4 4. Nxd4 Nf6 5. Nc3 a6 6. Be3 e5 7. Nb3 Be6 8. Be2 Be7 9. O-O O-O 10. f3 Nbd7 11. Nd5 Bxd5 12. exd5 b5 13. a4 bxa4 14. Rxa4 Nb6 15. Ra5 Qc7 16. Bxb6 Qxb6+ 17. Kh1 Rfc8 18. Qd3 Nd7 19. Rfa1 Nc5 20. Qe3 Qb7 21. Nxc5 Rxc5 22. Rxc5 dxc5 23. Rd1 Bd6 24. b3 a5 25. Qe4 g6 26. Qa4 Qc7 27. Qc6 Rd8 28. g3 Qxc6 29. dxc6 Bc7 30. Rd7 Rxd7 31. cxd7 Kf8 32. Kg2 Ke7 33. Bb5 f6 34. Kf2 Kd6 35. Ke3 f5 36. Kd3 g5 37. g4 fxg4 38. fxg4 Kd5 39. Ke3 h6 40. Bd3 Kd6 41. Bf5 Kd5 42. Kd3 Bd8 43. Be4+ Kd6 44. Kc4 Kxd7 45. Kxc5 Be7+ 46. Kd5 Kc7 47. h3 Kb6 48. Kxe5 Bb4 49. Kf6 Kc5 50. Kg7 Be1 51. Kxh6 Bh4 52. c3 Kd6 53. Kg6 Ke5 54. Bd3 Ke6 55. Bc4+ Ke5 56. Bg8 Kd6 57. Kf6 Kc6 58. Ke5 Kc5 59. Ke4 Be1 60. Kd3 Bf2 61. Ke4 Be1 62. Kf5 Bh4 63. Bf7 Kd6 64. Be8 Ke7 65. Ba4 Kd6 66. Kf6 Kc5 67. Ke7 Be1 68. Ke6 Bf2 69. Kd7 Be1 70. c4 Bg3 71. Kc8 Kb6 72. Bd7 Bf2 73. Ba4 Be1 74. Kd7 Bg3 75. Ke6 Kc5 76. Be8 Be1 77. Ke5 Bg3+ 78. Kf5 Bh4 79. Bb5 Kd6 80. Ke4 Kc5 81. Kd3 Bf2 82. Kc3 Be1+ 83. Kb2 Kb4 84. Be8 Bh4 85. Ka2 Be1 1/2-1/2

[Event "CAN-op"]
[Site "Edmonton CAN"]
[Date "2005.07.15"]
[Round "8"]
[White "Nataf, Igor A"]
[Black "Campbell, Brett"]
[Result "1-0"]
[WhiteElo "2603"]
[BlackElo "2250"]
[PlyCount "57"]
[GameId "2160767910901994"]
[EventDate "2005.07.09"]
[EventType "swiss"]
[EventRounds "10"]
[EventCountry "CAN"]
[SourceTitle "CBM 107 Extra"]
[Source "ChessBase"]
[SourceDate "2005.09.01"]
[SourceVersion "1"]
[SourceVersionDate "2005.09.01"]
[SourceQuality "1"]

1. e4 g6 2. d4 Bg7 3. Nc3 d6 4. f4 Nf6 5. Nf3 O-O 6. Bd3 c5 7. dxc5 dxc5 8. e5 Nd5 9. Nxd5 Qxd5 10. Qe2 Bf5 11. Bxf5 gxf5 12. Be3 Na6 13. c4 Qd8 14. Rg1 e6 15. g4 fxg4 16. Rxg4 f5 17. exf6 Qxf6 18. O-O-O Rad8 19. Rdg1 Rf7 20. Ne5 Rc7 21. a3 Kh8 22. Bd2 Nb8 23. Ba5 b6 24. Bc3 Rd4 25. Bxd4 cxd4 26. Qe4 d3 27. Qxd3 h5 28. Rg5 Qxf4+ 29. Kb1 1-0

[Event "CAN-op"]
[Site "Edmonton CAN"]
[Date "2005.07.15"]
[Round "8"]
[White "Neven, Knut"]
[Black "Barber, Glen"]
[Result "1-0"]
[WhiteElo "2233"]
[BlackElo "2005"]
[PlyCount "89"]
[GameId "2160767910901995"]
[EventDate "2005.07.09"]
[EventType "swiss"]
[EventRounds "10"]
[EventCountry "CAN"]
[SourceTitle "CBM 107 Extra"]
[Source "ChessBase"]
[SourceDate "2005.09.01"]
[SourceVersion "1"]
[SourceVersionDate "2005.09.01"]
[SourceQuality "1"]

1. d4 Nf6 2. Bg5 Ne4 3. Bf4 c5 4. f3 Qa5+ 5. c3 Nf6 6. d5 d6 7. e4 g6 8. Na3 Bg7 9. Nc4 Qc7 10. a4 O-O 11. Qd2 Nbd7 12. Ne2 a6 13. Ng3 b6 14. Bh6 Rb8 15. h4 b5 16. axb5 axb5 17. Bxg7 Kxg7 18. Ne3 Rg8 19. h5 Kf8 20. h6 c4 21. Nc2 e5 22. Qg5 Bb7 23. Be2 Qd8 24. O-O Ne8 25. Qxd8 Rxd8 26. Ra7 Nc5 27. Nb4 Rd7 28. Rfa1 Ke7 29. Nf1 Nc7 30. Nc6+ Kf6 31. Ne3 Ra8 32. Rxa8 Nxa8 33. b4 Na4 34. Bxc4 Nxc3 35. Bd3 Nc7 36. Ra7 Ne8 37. Ra3 Na4 38. Bxb5 Nb6 39. Nc4 Nxc4 40. Bxc4 Kg5 41. b5 Kxh6 42. b6 Nf6 43. Bb5 Kg7 44. Ra7 Bc8 45. Na5 1-0

[Event "CAN-op"]
[Site "Edmonton CAN"]
[Date "2005.07.15"]
[Round "8"]
[White "Peng, David Yu"]
[Black "Karmali, Hafiz"]
[Result "1-0"]
[WhiteElo "2120"]
[BlackElo "1867"]
[PlyCount "167"]
[GameId "2160767910901997"]
[EventDate "2005.07.09"]
[EventType "swiss"]
[EventRounds "10"]
[EventCountry "CAN"]
[SourceTitle "CBM 107 Extra"]
[Source "ChessBase"]
[SourceDate "2005.09.01"]
[SourceVersion "1"]
[SourceVersionDate "2005.09.01"]
[SourceQuality "1"]

1. e4 e6 2. d4 d5 3. Nd2 c5 4. exd5 exd5 5. Ngf3 Nf6 6. Bb5+ Nc6 7. O-O Be7 8. dxc5 Bxc5 9. Nb3 Be7 10. Nbd4 Bd7 11. Bd3 O-O 12. Nf5 Bc5 13. Be3 Bxe3 14. Nxe3 Re8 15. c3 Ne5 16. Bc2 Qb6 17. Bb3 Bc6 18. Nd4 Rad8 19. Re1 Ng6 20. Qc2 Re4 21. f3 Re5 22. Nf1 Rde8 23. Qd2 Nh4 24. Rxe5 Rxe5 25. Re1 Rxe1 26. Qxe1 Nf5 27. Qe5 Nxd4 28. cxd4 Nd7 29. Qf4 Qb4 30. h4 Nf8 31. Ne3 Ne6 32. Qb8+ Nf8 33. Nc2 Qb6 34. Kh2 a5 35. Qd6 Qa7 36. Bxd5 Bxd5 37. Qxd5 h6 38. Ne3 Ne6 39. Nc4 Qb8+ 40. Qe5 Qd8 41. Nxa5 Qxh4+ 42. Kg1 Nxd4 43. Nxb7 f5 44. Nd6 f4 45. Qe8+ Kh7 46. Qe4+ Kg8 47. Qa8+ Kh7 48. Qe4+ Kg8 49. b4 Qf6 50. Qd5+ Kh7 51. b5 Ne2+ 52. Kf2 Ng3 53. Ne4 Qb2+ 54. Nd2 Qc3 55. Nf1 Nxf1 56. Kxf1 Qc1+ 57. Ke2 Qe3+ 58. Kd1 Qg1+ 59. Kc2 Qxg2+ 60. Kc3 Qf2 61. Qe4+ Kh8 62. a4 Qc5+ 63. Kd3 Qa3+ 64. Ke2 Qb2+ 65. Kf1 Qc1+ 66. Kf2 Qd2+ 67. Kg1 Qd1+ 68. Kg2 Qd2+ 69. Kh3 Qc1 70. Kg4 Qg1+ 71. Kf5 Qg5+ 72. Ke6 Qf6+ 73. Kd7 Qf7+ 74. Kd8 Qf6+ 75. Kc7 Qf7+ 76. Kb6 Qf6+ 77. Ka7 Qf7+ 78. Ka6 Qf6+ 79. b6 Qd6 80. a5 Qb8 81. Qc6 Qd8 82. b7 Qd3+ 83. Ka7 Qe3+ 84. Ka8 1-0

[Event "CAN-op"]
[Site "Edmonton CAN"]
[Date "2005.07.15"]
[Round "8"]
[White "Rivas Cabrera, Edgar"]
[Black "Achtemichuk, Chris"]
[Result "1-0"]
[WhiteElo "1764"]
[BlackElo "1514"]
[PlyCount "53"]
[GameId "2160767910901999"]
[EventDate "2005.07.09"]
[EventType "swiss"]
[EventRounds "10"]
[EventCountry "CAN"]
[SourceTitle "CBM 107 Extra"]
[Source "ChessBase"]
[SourceDate "2005.09.01"]
[SourceVersion "1"]
[SourceVersionDate "2005.09.01"]
[SourceQuality "1"]

1. e4 e5 2. Nf3 Nc6 3. Bb5 a6 4. Bxc6 dxc6 5. O-O Bg4 6. h3 h5 7. d3 Qf6 8. Nbd2 Bd6 9. Re1 Ne7 10. hxg4 hxg4 11. Nh2 Qh4 12. Ndf1 g3 13. fxg3 Qh7 14. Qg4 g6 15. Bd2 f5 16. exf5 gxf5 17. Qe2 O-O-O 18. Bg5 Bc5+ 19. Kh1 f4 20. Bxe7 Bxe7 21. gxf4 Rdg8 22. fxe5 Rg3 23. Qe4 Qh6 24. Re3 Bh4 25. Rxg3 Bxg3 26. Qg4+ Kb8 27. Qxg3 1-0

[Event "CAN-op"]
[Site "Edmonton CAN"]
[Date "2005.07.15"]
[Round "8"]
[White "Skylar, Malito"]
[Black "Keep, Richard"]
[Result "1/2-1/2"]
[WhiteElo "1661"]
[BlackElo "1777"]
[PlyCount "86"]
[GameId "2160767910902001"]
[EventDate "2005.07.09"]
[EventType "swiss"]
[EventRounds "10"]
[EventCountry "CAN"]
[SourceTitle "CBM 107 Extra"]
[Source "ChessBase"]
[SourceDate "2005.09.01"]
[SourceVersion "1"]
[SourceVersionDate "2005.09.01"]
[SourceQuality "1"]

1. e4 c6 2. g3 d5 3. exd5 Qxd5 4. Qf3 Nf6 5. Nc3 Qxf3 6. Nxf3 Bf5 7. d3 e6 8. a3 Bc5 9. b4 Bb6 10. Bg2 O-O 11. O-O Nbd7 12. b5 Rac8 13. bxc6 bxc6 14. Nd2 Nd5 15. Nce4 Bc7 16. Bb2 Rfd8 17. Rab1 f6 18. Ba1 Rb8 19. Nb3 e5 20. Nec5 Bd6 21. Na5 Ne7 22. Ncb7 Bxa3 23. Nxd8 Rxd8 24. Nxc6 Nxc6 25. Bxc6 Rc8 26. Ba4 Nc5 27. Bb3+ Nxb3 28. Rxb3 Bc5 29. Rfb1 Bb6 30. c4 Bh3 31. Bc3 e4 32. dxe4 Rxc4 33. e5 fxe5 34. Bxe5 Kf7 35. Rf3+ Kg6 36. Bf4 Bf5 37. Rc1 Re4 38. Rc6+ Kh5 39. Be3 g6 40. Kf1 Bh3+ 41. Ke1 Bg2 42. Ke2 Bxf3+ 43. Kxf3 Rb4 1/2-1/2

[Event "CAN-op"]
[Site "Edmonton CAN"]
[Date "2005.07.15"]
[Round "8"]
[White "Thipsay, Bagyashree Sathe"]
[Black "Nguyen, Kim"]
[Result "1-0"]
[WhiteElo "2269"]
[BlackElo "2060"]
[PlyCount "79"]
[GameId "2160767910902002"]
[EventDate "2005.07.09"]
[EventType "swiss"]
[EventRounds "10"]
[EventCountry "CAN"]
[SourceTitle "CBM 107 Extra"]
[Source "ChessBase"]
[SourceDate "2005.09.01"]
[SourceVersion "1"]
[SourceVersionDate "2005.09.01"]
[SourceQuality "1"]

1. e4 c5 2. Nf3 d6 3. d4 cxd4 4. Nxd4 Nf6 5. Nc3 a6 6. Be2 e5 7. Nb3 Be7 8. Bg5 Nbd7 9. a4 b6 10. Bc4 Bb7 11. Qe2 O-O 12. O-O Qc8 13. Rfd1 Re8 14. Bxf6 Nxf6 15. Nd5 Nxd5 16. Bxd5 Bxd5 17. Rxd5 Qc6 18. Qd3 Rec8 19. c3 g6 20. Nd2 f5 21. f3 Bf8 22. exf5 gxf5 23. c4 b5 24. Qxf5 bxc4 25. Ne4 Rc7 26. a5 Rb8 27. Rd2 Rf7 28. Qe6 Kg7 29. Rc1 Rb4 30. Nxd6 Qc5+ 31. Kh1 Bxd6 32. Rxd6 Qe3 33. Qg4+ Kf8 34. Rd8+ Ke7 35. Rcd1 Rb7 36. Qh4+ Rf6 37. Qxh7+ Rf7 38. Qh4+ Rf6 39. Qh8 Rf7 40. Qe8+ 1-0

[Event "CAN-op"]
[Site "Edmonton CAN"]
[Date "2005.07.15"]
[Round "8"]
[White "Willie, Joshua"]
[Black "Purewal, Pal"]
[Result "0-1"]
[WhiteElo "1555"]
[BlackElo "1774"]
[PlyCount "68"]
[GameId "2160767910902003"]
[EventDate "2005.07.09"]
[EventType "swiss"]
[EventRounds "10"]
[EventCountry "CAN"]
[SourceTitle "CBM 107 Extra"]
[Source "ChessBase"]
[SourceDate "2005.09.01"]
[SourceVersion "1"]
[SourceVersionDate "2005.09.01"]
[SourceQuality "1"]

1. e4 c5 2. Nf3 Nc6 3. d4 cxd4 4. Nxd4 e6 5. Nc3 a6 6. Be3 Bb4 7. Qd2 h6 8. a3 Be7 9. Be2 d6 10. f3 Bh4+ 11. g3 Bf6 12. h4 Be7 13. O-O-O Nxd4 14. Bxd4 e5 15. Be3 Be6 16. Nd5 Bxd5 17. Qxd5 Qc7 18. Bc4 Bf8 19. Bb6 Qd7 20. f4 Nf6 21. Qd3 Be7 22. Rh2 Qc6 23. fxe5 dxe5 24. Qb3 O-O 25. Bd5 Nxd5 26. exd5 Qf6 27. Rhd2 Bd6 28. Kb1 Rfe8 29. c4 Rac8 30. Rc2 Qg6 31. c5 Bxc5 32. Ka1 Qxb6 33. Qd3 Bd4 34. Rdc1 Bxb2+ 0-1

[Event "CAN-op"]
[Site "Edmonton CAN"]
[Date "2005.07.15"]
[Round "8"]
[White "Yoos, John"]
[Black "Kunte, Abhijit"]
[Result "1/2-1/2"]
[WhiteElo "2442"]
[BlackElo "2601"]
[PlyCount "38"]
[GameId "2160767910902004"]
[EventDate "2005.07.09"]
[EventType "swiss"]
[EventRounds "10"]
[EventCountry "CAN"]
[SourceTitle "CBM 107 Extra"]
[Source "ChessBase"]
[SourceDate "2005.09.01"]
[SourceVersion "1"]
[SourceVersionDate "2005.09.01"]
[SourceQuality "1"]

1. e4 e5 2. f4 exf4 3. Nf3 Ne7 4. Bc4 d5 5. exd5 Nxd5 6. O-O Be7 7. Bxd5 Qxd5 8. d4 O-O 9. Bxf4 Bg4 10. Bxc7 Nc6 11. c3 b5 12. Nbd2 b4 13. Qe1 Rac8 14. Bf4 bxc3 15. bxc3 Bf5 16. Rf2 Ba3 17. Nf1 Bg6 18. Ne3 Qb5 19. c4 Qa6 1/2-1/2

[Event "CAN-op"]
[Site "Edmonton CAN"]
[Date "2005.07.15"]
[Round "8.8"]
[White "Peter, Steven"]
[Black "Krush, Irina"]
[Result "0-1"]
[WhiteElo "2297"]
[BlackElo "2444"]
[PlyCount "142"]
[GameId "2160767910902008"]
[EventDate "2005.07.09"]
[EventType "swiss"]
[EventRounds "10"]
[EventCountry "CAN"]

1. Nf3 d5 2. c4 c6 3. g3 dxc4 4. Qc2 Nd7 5. Qxc4 e5 6. Bg2 Bd6 7. O-O Ngf6 8. b3 O-O 9. Bb2 Qe7 10. d3 a5 11. Nbd2 Ba3 12. Bxa3 Qxa3 13. Ne4 Re8 14. Nfd2 h6 15. Rfc1 Qe7 16. a3 Nd5 17. Qc2 N7f6 18. Qc5 Nxe4 19. Nxe4 Nc7 20. Qxe7 Rxe7 21. Nd6 Ne6 22. Nxc8 Rxc8 23. Bh3 Rd8 24. Bxe6 Rxe6 25. Rc4 Rd5 26. Rac1 Kf8 27. b4 a4 28. Rc5 Red6 29. Kg2 Ke7 30. Kf3 Kd7 31. Ke3 b6 32. R5c4 Rd4 33. f4 exf4+ 34. gxf4 R4d5 35. Rg1 g6 36. Rg3 Rh5 37. h3 Rdd5 38. Kd2 Rh4 39. Kc3 Rf5 40. Rd4+ Rd5 41. Rxd5+ cxd5 42. Rf3 Ke6 43. e3 g5 44. b5 f5 45. fxg5 hxg5 46. Rg3 Kf6 47. Rf3 Ke5 48. d4+ Ke4 49. Rg3 Rh5 50. Kd2 f4 51. exf4 gxf4 52. Rd3 Rg5 53. Rc3 Rg2+ 54. Ke1 Rh2 55. Rc6 Rxh3 56. Rxb6 Rxa3 57. Ra6 Rb3 58. Rxa4 Rxb5 59. Kf2 Rb2+ 60. Kf1 Rd2 61. Ra8 Rxd4 62. Re8+ Kf3 63. Re1 Rd2 64. Ra1 d4 65. Ra3+ d3 66. Ke1 Re2+ 67. Kd1 Ke3 68. Ra8 f3 69. Re8+ Kd4 70. Rd8+ Kc4 71. Rc8+ Kb5 0-1

[Event "CAN-op"]
[Site "Edmonton CAN"]
[Date "2005.07.15"]
[Round "8.11"]
[White "Sandipan, Chanda"]
[Black "Henson, Joshua"]
[Result "1-0"]
[WhiteElo "2600"]
[BlackElo "2221"]
[PlyCount "53"]
[GameId "2160767910902010"]
[EventDate "2005.07.09"]
[EventType "swiss"]
[EventRounds "10"]
[EventCountry "CAN"]

1. e4 e6 2. d4 d5 3. e5 c5 4. c3 Nc6 5. Nf3 Bd7 6. Be2 Rc8 7. Na3 cxd4 8. cxd4 Nge7 9. Nc2 Nf5 10. O-O Qb6 11. Bd3 Na5 12. Re1 Ne7 13. Qe2 Ng6 14. h4 Be7 15. h5 Nf8 16. Nd2 Nc6 17. Qg4 g6 18. Nf3 Nb4 19. Nxb4 Bxb4 20. Rd1 Ba4 21. b3 Bb5 22. Bxb5+ Qxb5 23. Bh6 Qe2 24. Rdc1 Rc6 25. Qf4 Qe4 26. Qf6 Rg8 27. Bg5 1-0

[Event "CAN-op"]
[Site "Edmonton CAN"]
[Date "2005.07.15"]
[Round "8.14"]
[White "Gokhale, Anupama"]
[Black "Mohota, Nisha"]
[Result "1/2-1/2"]
[WhiteElo "2243"]
[BlackElo "2343"]
[PlyCount "52"]
[GameId "2160767910902011"]
[EventDate "2005.07.09"]
[EventType "swiss"]
[EventRounds "10"]
[EventCountry "CAN"]

1. d4 d5 2. Nf3 Nf6 3. c4 e6 4. g3 Be7 5. Bg2 O-O 6. O-O dxc4 7. Qc2 a6 8. a4 Bd7 9. Qxc4 Bc6 10. Bg5 Bd5 11. Qc2 Be4 12. Qc1 h6 13. Bxf6 Bxf6 14. Nc3 Bxf3 15. Bxf3 c6 16. e3 a5 17. Ne4 Na6 18. Rd1 Be7 19. Qc4 Qb6 20. Rac1 Rad8 21. Kg2 Qc7 22. Qb3 Rd7 23. Nd2 Nb4 24. Nc4 Bf6 25. Nd2 Be7 26. Nc4 Bf6 1/2-1/2

[Event "CAN-op"]
[Site "Edmonton CAN"]
[Date "2005.07.15"]
[Round "8.15"]
[White "Li, Zhichao"]
[Black "Gentes, Kevin"]
[Result "1/2-1/2"]
[WhiteElo "2238"]
[BlackElo "2331"]
[PlyCount "65"]
[GameId "2160767910902012"]
[EventDate "2005.07.09"]
[EventType "swiss"]
[EventRounds "10"]
[EventCountry "CAN"]

1. Nf3 g6 2. c4 Bg7 3. Nc3 d6 4. g3 e5 5. Bg2 Nc6 6. O-O Nge7 7. d3 O-O 8. Rb1 f5 9. Bd2 h6 10. b4 g5 11. b5 Nb8 12. a4 Nd7 13. a5 Rb8 14. Na4 Ng6 15. Bb4 b6 16. d4 g4 17. Ne1 exd4 18. Nc2 Nc5 19. Nb2 Qf6 20. e3 dxe3 21. Nxe3 Be6 22. Nd5 Qf7 23. Bxc5 dxc5 24. axb6 cxb6 25. Nd3 Rbd8 26. Qa4 h5 27. Rbc1 Bh6 28. Rc2 h4 29. Re1 h3 30. Bh1 Bxd5 31. Bxd5 Rxd5 32. cxd5 Qxd5 33. Qa2 1/2-1/2

[Event "CAN-op"]
[Site "Edmonton CAN"]
[Date "2005.07.15"]
[Round "8.16"]
[White "Sasata, Robert"]
[Black "Pechisker, Alfred"]
[Result "1/2-1/2"]
[WhiteElo "2323"]
[BlackElo "2190"]
[PlyCount "54"]
[GameId "2160767910902013"]
[EventDate "2005.07.09"]
[EventType "swiss"]
[EventRounds "10"]
[EventCountry "CAN"]

1. d4 Nf6 2. c4 c5 3. d5 b5 4. cxb5 a6 5. f3 e6 6. e4 exd5 7. e5 Qe7 8. Qe2 Ng8 9. Nc3 Bb7 10. Nh3 c4 11. Be3 Qb4 12. O-O-O axb5 13. Rxd5 Bxd5 14. Nxd5 Qa4 15. Nc7+ Kd8 16. Bb6 Kc8 17. Nxa8 Qxa8 18. Ng5 Nh6 19. Kb1 Bb4 20. Qc2 Qd5 21. a4 Qxe5 22. Ne4 d5 23. axb5 dxe4 24. Qxc4+ Kb7 25. Bd4 Qd6 26. Bxg7 Qd1+ 27. Ka2 Qa4+ 1/2-1/2

[Event "CAN-op"]
[Site "Edmonton CAN"]
[Date "2005.07.15"]
[Round "8.18"]
[White "Gulati, Justin"]
[Black "Tyomkin, Dimitri"]
[Result "0-1"]
[WhiteElo "2122"]
[BlackElo "2549"]
[PlyCount "62"]
[GameId "2160767910902014"]
[EventDate "2005.07.09"]
[EventType "swiss"]
[EventRounds "10"]
[EventCountry "CAN"]

1. e4 d5 2. exd5 Nf6 3. d4 Nxd5 4. Nf3 Bg4 5. c4 Nb6 6. Be3 e5 7. Nbd2 exd4 8. Bxd4 Nc6 9. Bc3 Bb4 10. Bxb4 Nxb4 11. Qb3 Qe7+ 12. Be2 O-O-O 13. O-O Rxd2 14. Nxd2 Bxe2 15. Rfe1 Rd8 16. c5 N6d5 17. c6 Nxc6 18. Nf1 Nd4 19. Qa4 Nb6 20. Qa5 Qd7 21. Rac1 Ba6 22. Ng3 f5 23. Qc5 c6 24. f4 g5 25. Re7 Qd5 26. Kf2 Qxc5 27. Rxc5 Nd5 28. Rxh7 gxf4 29. Nh5 Re8 30. Rxd5 Re2+ 31. Kg1 Re1+ 0-1

[Event "CAN-op"]
[Site "Edmonton CAN"]
[Date "2005.07.15"]
[Round "8.19"]
[White "Swathi, Ghate"]
[Black "Sladek, Vaclav"]
[Result "1-0"]
[WhiteElo "2281"]
[BlackElo "2047"]
[PlyCount "85"]
[GameId "2160767910902015"]
[EventDate "2005.07.09"]
[EventType "swiss"]
[EventRounds "10"]
[EventCountry "CAN"]

1. e4 c5 2. Nf3 e6 3. d4 cxd4 4. Nxd4 a6 5. Bd3 Bc5 6. Nb3 Be7 7. c4 d6 8. Nc3 Nd7 9. O-O Qc7 10. Be3 Ngf6 11. Rc1 b6 12. f3 Bb7 13. Kh1 h5 14. Nd4 g6 15. b3 h4 16. Qd2 Rb8 17. Bb1 Ne5 18. h3 Nh5 19. Nde2 Nd7 20. Rfd1 Rd8 21. b4 O-O 22. a3 Ba8 23. Qe1 Qb8 24. f4 Qb7 25. Bf2 f5 26. Bxh4 Ndf6 27. Bg5 Kf7 28. Nd4 fxe4 29. Qe3 Rh8 30. Kg1 d5 31. cxd5 exd5 32. Ba2 Rd6 33. Nxe4 Nxe4 34. Qxe4 Re8 35. Nf3 Bf6 36. Ne5+ Bxe5 37. fxe5 Kg7 38. Qd4 Rde6 39. Rc3 Kh7 40. Rdc1 Ng7 41. Rc7 Qb8 42. Qh4+ Kg8 43. Qh6 1-0

[Event "CAN-op"]
[Site "Edmonton CAN"]
[Date "2005.07.15"]
[Round "8.21"]
[White "Pechenkin, Vladimir"]
[Black "Fairbairn, Stephen"]
[Result "1/2-1/2"]
[WhiteElo "2263"]
[BlackElo "2022"]
[PlyCount "146"]
[GameId "2160767910902016"]
[EventDate "2005.07.09"]
[EventType "swiss"]
[EventRounds "10"]
[EventCountry "CAN"]

1. Nf3 d5 2. g3 g6 3. Bg2 Bg7 4. O-O Nf6 5. d3 O-O 6. Nbd2 Nc6 7. c4 dxc4 8. Nxc4 Be6 9. Qc2 Rb8 10. Bd2 Nd5 11. a3 Nd4 12. Nxd4 Bxd4 13. Bh6 Bg7 14. Bxg7 Kxg7 15. d4 c6 16. Rad1 Nb6 17. Ne5 Nd7 18. Nf3 Qb6 19. b4 Nf6 20. Ng5 Bg4 21. f3 Bd7 22. e4 Rbd8 23. Kh1 h6 24. Nh3 Bxh3 25. Bxh3 Rxd4 26. Rxd4 Qxd4 27. Rd1 Qb6 28. Qd2 Qa6 29. Qe3 Qa4 30. Qd3 a5 31. b5 Qxb5 32. Qxb5 cxb5 33. e5 Ng8 34. Rd5 Rb8 35. Rxb5 b6 36. f4 e6 37. Bf1 Ne7 38. Rb3 Nd5 39. Bc4 Ne7 40. Ba6 Nf5 41. a4 Kf8 42. Kg2 Ne7 43. Rd3 Nc6 44. Rd6 Nb4 45. Bb5 Nd5 46. Bc6 Ne7 47. Bb5 Nd5 48. Bc6 Nc7 49. Kf3 Na6 50. Bb5 Nc5 51. g4 Ke7 52. Rc6 Kd8 53. f5 gxf5 54. gxf5 exf5 55. Rxh6 Ke7 56. Kf4 Ne6+ 57. Kxf5 Nd4+ 58. Ke4 Nxb5 59. axb5 a4 60. Rc6 Ra8 61. Kf5 a3 62. Rc7+ Kf8 63. Rc1 a2 64. Ra1 Ke7 65. h4 Ra3 66. h5 Kf8 67. h6 Kg8 68. Kf6 Rf3+ 69. Ke7 Rf2 70. Kd6 Rc2 71. Ke7 Rf2 72. Kd6 Rc2 73. Ke7 Rf2 1/2-1/2

[Event "CAN-op"]
[Site "Edmonton CAN"]
[Date "2005.07.15"]
[Round "8.22"]
[White "Schulz, Waldemar"]
[Black "Barclay, Wayne"]
[Result "1/2-1/2"]
[WhiteElo "2056"]
[BlackElo "2243"]
[PlyCount "129"]
[GameId "2160767910902017"]
[EventDate "2005.07.09"]
[EventType "swiss"]
[EventRounds "10"]
[EventCountry "CAN"]

1. Nf3 Nf6 2. g3 c5 3. Bg2 Nc6 4. d4 cxd4 5. Nxd4 Qb6 6. Nxc6 bxc6 7. O-O Ba6 8. b3 g6 9. Be3 Qc7 10. c4 Ng4 11. Bd4 e5 12. Bb2 Bg7 13. Nd2 f5 14. Rc1 d6 15. e4 O-O 16. Rc3 Rad8 17. b4 Bh6 18. b5 Bb7 19. Qe2 Qf7 20. f3 Nf6 21. Ra3 Ba8 22. Rd1 cxb5 23. cxb5 Qc7 24. Qc4+ Rf7 25. Qxc7 Rxc7 26. Rc3 Rxc3 27. Bxc3 Be3+ 28. Kf1 fxe4 29. Nxe4 Bxe4 30. fxe4 Rc8 31. Rd3 Bc5 32. a4 Ng4 33. Bf3 Nxh2+ 34. Kg2 Nxf3 35. Rxf3 Rf8 36. Bd2 Ra8 37. Rb3 Kf7 38. Bg5 Rb8 39. Rf3+ Kg7 40. Bd2 Rb7 41. Rb3 Kf7 42. Kf3 Ke6 43. Be3 Bxe3 44. Kxe3 h5 45. a5 g5 46. b6 axb6 47. axb6 Kd7 48. Rb1 Kc6 49. Rh1 Rh7 50. Rb1 h4 51. Kf3 h3 52. Kg4 h2 53. Rh1 Kxb6 54. Kxg5 Kc5 55. g4 Kd4 56. Kf5 Rf7+ 57. Ke6 Rf2 58. g5 Kxe4 59. g6 Rg2 60. Kf6 d5 61. g7 Rf2+ 62. Ke6 Rg2 63. Kf6 Rf2+ 64. Ke6 Rg2 65. Kf6 1/2-1/2

[Event "CAN-op"]
[Site "Edmonton CAN"]
[Date "2005.07.15"]
[Round "8.23"]
[White "Zaczek, Jonathon"]
[Black "McGowan, Gary"]
[Result "1-0"]
[WhiteElo "2017"]
[BlackElo "2415"]
[PlyCount "47"]
[GameId "2160767910902018"]
[EventDate "2005.07.09"]
[EventType "swiss"]
[EventRounds "10"]
[EventCountry "CAN"]

1. e4 c5 2. Nf3 d6 3. d4 cxd4 4. Nxd4 Nf6 5. Nc3 g6 6. Be3 Bg7 7. f3 O-O 8. Bc4 a6 9. Bb3 Nbd7 10. Qd2 Nc5 11. h4 Nxb3 12. Nxb3 b5 13. O-O-O Be6 14. h5 Nxh5 15. Bh6 b4 16. Bxg7 Kxg7 17. Ne2 Bxb3 18. axb3 Qa5 19. Kb1 Nf6 20. Qh6+ Kh8 21. Nf4 e6 22. Rxd6 Rad8 23. e5 Qxe5 24. Rxe6 1-0

[Event "CAN-op"]
[Site "Edmonton CAN"]
[Date "2005.07.15"]
[Round "8.25"]
[White "Gardner, Robert"]
[Black "Steininger, Gavin"]
[Result "1/2-1/2"]
[WhiteElo "2221"]
[BlackElo "2011"]
[PlyCount "38"]
[GameId "2160767910902019"]
[EventDate "2005.07.09"]
[EventType "swiss"]
[EventRounds "10"]
[EventCountry "CAN"]

1. f4 d5 2. Nf3 c5 3. e3 g6 4. Be2 Bg7 5. O-O Nh6 6. d3 O-O 7. Qe1 Nc6 8. c3 b6 9. e4 Ba6 10. Ng5 Qd7 11. f5 Ne5 12. Nf3 Nhg4 13. Nxe5 Nxe5 14. Qh4 dxe4 15. Bh6 exd3 16. Bd1 Qd6 17. Nd2 Bb7 18. Bf3 Rac8 19. Rae1 b5 1/2-1/2

[Event "CAN-op"]
[Site "Edmonton CAN"]
[Date "2005.07.15"]
[Round "8.27"]
[White "Tegzes, Laszlo"]
[Black "Vincent, Trevor"]
[Result "1-0"]
[WhiteElo "2109"]
[BlackElo "2000"]
[PlyCount "125"]
[GameId "2160767910902020"]
[EventDate "2005.07.09"]
[EventType "swiss"]
[EventRounds "10"]
[EventCountry "CAN"]

1. e4 c5 2. c3 d5 3. exd5 Qxd5 4. d4 Nf6 5. Nf3 Bg4 6. Be2 e6 7. Na3 Nc6 8. O-O Be7 9. Nc2 Bh5 10. Ne5 Bxe2 11. Qxe2 cxd4 12. cxd4 O-O 13. Rd1 Rfd8 14. Bg5 Rac8 15. Kh1 Qe4 16. Qd3 Qxd3 17. Nxd3 Nxd4 18. Nxd4 Rxd4 19. Be3 Rd5 20. Nf4 Rxd1+ 21. Rxd1 a6 22. h3 Kf8 23. Rc1 Rxc1+ 24. Bxc1 Bc5 25. Nd3 Bd4 26. Kg1 Ke7 27. Kf1 Kd6 28. Ke2 e5 29. b3 Ne4 30. a3 Nc3+ 31. Kd2 Nd5 32. Kc2 e4 33. Nf4 Nc3 34. Kd2 Na2 35. Ne2 Be5 36. Kc2 Nxc1 37. Kxc1 Kd5 38. Kc2 Bd4 39. f3 exf3 40. gxf3 Be5 41. Kd3 Bd6 42. a4 g6 43. Nc3+ Ke5 44. Ne2 Kf5 45. Kc4 Kg5 46. Kd5 Bc7 47. Nc3 f5 48. Ke6 Kh4 49. Nd5 Bg3 50. Nf6 h5 51. Kf7 g5 52. Kg6 g4 53. hxg4 hxg4 54. fxg4 f4 55. Kf5 f3 56. Ne4 f2 57. Nd2 Bc7 58. g5 Kh5 59. Nf1 Bd6 60. g6 Bf8 61. Kf6 Kh6 62. Kf7 Bg7 63. Ne3 1-0